What to do when a tenant wants out (Record no. 73505)
[ view plain ]
| 000 -LEADER | |
|---|---|
| fixed length control field | 01626cam a2200277 4500 |
| 001 - CONTROL NUMBER | |
| control field | ABS67079 |
| 008 - FIXED-LENGTH DATA ELEMENTS--GENERAL INFORMATION | |
| fixed length control field | 030930n2003 000 0 eng u |
| 035 ## - SYSTEM CONTROL NUMBER | |
| System control number | (Sirsi) u123782 |
| 245 ## - TITLE STATEMENT | |
| Title | What to do when a tenant wants out |
| 260 ## - PUBLICATION, DISTRIBUTION, ETC. | |
| Date of publication, distribution, etc. | 2003 |
| 490 ## - SERIES STATEMENT | |
| Series statement | Estates Gazette |
| Volume/sequential designation | (0336) 6 September 2003, 102-104(3) |
| 490 ## - SERIES STATEMENT | |
| Series statement | Estates Gazette |
| Volume/sequential designation | (0337) 13 September 2003, 128-130(3) |
| 520 ## - SUMMARY, ETC. | |
| Summary, etc. | This two part "Mainly for Student" article reports back on a training day organised by the in-house property consultancy arm of Birmingham City Council for APC candidates in July 2003. Candidates were given a hypothetical landlord and tenant scenario to deal with. The aim of such events is to stress to candidates the importance of making links between landlord and tenant tasks and other areas of practice such as valuation and investment reinforcing the principle of all round knowledge. Emphasises the importance of keeping up to date with case law referring to "Homebase Ltd v Allied Dunbar Assurance plc" [2003] EWCA Civ 666, Abs65740 as an example. Discusses the expectations of APC assessors regarding candidates' knowledge of landlord and tenant issues. Concludes with a list of current landlord and tenant issues. |
| 590 ## - LOCAL NOTE (RLIN) | |
| Local note | ABS |
| 650 ## - SUBJECT ADDED ENTRY--TOPICAL TERM | |
| Topical term or geographic name entry element | APC |
| 9 (RLIN) | 6216 |
| 650 ## - SUBJECT ADDED ENTRY--TOPICAL TERM | |
| Topical term or geographic name entry element | CAREERS, EDUCATION AND TRAINING |
| 650 ## - SUBJECT ADDED ENTRY--TOPICAL TERM | |
| Topical term or geographic name entry element | APC INTERVIEWS |
| 650 ## - SUBJECT ADDED ENTRY--TOPICAL TERM | |
| Topical term or geographic name entry element | HOMEBASE LTD AND ANOTHER V ALLIED DUNBAR ASSURANCE PLC |
| 650 ## - SUBJECT ADDED ENTRY--TOPICAL TERM | |
| Topical term or geographic name entry element | LANDLORD AND TENANT |
| 9 (RLIN) | 6252 |
| 650 ## - SUBJECT ADDED ENTRY--TOPICAL TERM | |
| Topical term or geographic name entry element | ESTATE MANAGEMENT |
| 650 ## - SUBJECT ADDED ENTRY--TOPICAL TERM | |
| Topical term or geographic name entry element | AGENCY |
| 650 ## - SUBJECT ADDED ENTRY--TOPICAL TERM | |
| Topical term or geographic name entry element | INVESTMENT |
| 650 ## - SUBJECT ADDED ENTRY--TOPICAL TERM | |
| Topical term or geographic name entry element | Valuation |
| 9 (RLIN) | 6273 |
| 690 ## - LOCAL SUBJECT ADDED ENTRY--TOPICAL TERM (OCLC, RLIN) | |
| Topical term or geographic name as entry element | Landlord and tenant |
| 9 (RLIN) | 6252 |
| 942 ## - ADDED ENTRY ELEMENTS (KOHA) | |
| Suppress in OPAC | 0 |
| Withdrawn status | Lost status | Source of classification or shelving scheme | Damaged status | Not for loan | Home library | Current library | Shelving location | Date acquired | Total Checkouts | Full call number | Barcode | Date last seen | Copy number | Price effective from | Koha item type |
|---|---|---|---|---|---|---|---|---|---|---|---|---|---|---|---|
| Dewey Decimal Classification | London | London | Journal article | 30/09/2003 | ABS67079 | 123782-1001 | 06/08/2019 | 1 | 06/08/2019 | Journal article |